{"text_format":"3","workbook":"xlsx","n_sheets":1,"sheets":["Hoja1"],"read":"whole","date_system":"1900"}

{"sheet":"Hoja1","index":0,"n_rows":121,"n_cols":6,"rows_kept":121,"merged":[[0,0,0,5],[116,3,116,4],[120,2,120,3]]}
["INVENTARIO ACTUALIZADO DEL ALMACEN DE SUMINITROS 2025"]
["Fecha","Descripción","Cant.","UND","Precio Unit. + ITBIS","Precio Total"]
["2025-02-05","Ace por libra",140,"LB",{"v":41,"d":"41.00"},{"$f":"+C3*E3","v":{"v":5740,"d":"5,740.00"}}]
["2025-02-04","Borrador de goma",9,"UND",{"v":25,"d":"25.00"},{"$f":"+C4*E4","v":{"v":225,"d":"225.00"}}]
["2025-02-05","Brillo acromado",34,"UND",{"v":30,"d":"30.00"},{"v":1020,"d":"1,020.00"}]
["2025-02-05","Brillo verde",29,"UND",{"v":20,"d":"20.00"},{"v":580,"d":"580.00"}]
["2025-02-04","Calculadora",0,"UND",{"v":525,"d":"525.00"},{"v":0,"d":"0.00"}]
["2025-02-04","Carpeta de Argolla",0,"UND",{"v":265,"d":"265.00"},{"v":0,"d":"0.00"}]
["2025-02-05","Cepillo con base de inodoro",0,"UND",{"v":150,"d":"150.00"},{"v":0,"d":"0.00"}]
["2025-02-05","Cepillo de pared",5,"UND",{"v":80,"d":"80.00"},{"v":400,"d":"400.00"}]
["2025-08-08","Cinta Epson LX-350",3,"UND",{"v":425,"d":"425.00"},{"v":1275,"d":"1,275.00"}]
["2025-02-04","Cinta transparente",2,"UND",{"v":70.8,"d":"70.80"},{"v":141.6,"d":"141.60"}]
["2025-02-04","Clips grandes",9,"UND",{"$f":"+(((60*10)+91.53)/10)","v":{"v":69.15299999999999,"d":"69.15"}},{"v":622.377,"d":"622.38"}]
["2025-02-04","Clips Mariposas",2,"UND",{"v":75,"d":"75.00"},{"v":150,"d":"150.00"}]
["2025-02-05","Cloro en galon",24,"UND",{"v":130,"d":"130.00"},{"v":3120,"d":"3,120.00"}]
["2025-02-04","Corrector liquido",3,"UND",{"v":76.7,"d":"76.70"},{"v":230.10000000000002,"d":"230.10"}]
["2025-02-04","Cuadernos",2,"UND",{"v":50,"d":"50.00"},{"v":100,"d":"100.00"}]
["2025-02-05","Escoba con palo",5,"UND",{"v":160,"d":"160.00"},{"v":800,"d":"800.00"}]
["2025-02-04","Folder 8.5 x11 cajas",1,"CAJA",{"v":300,"d":"300.00"},{"v":300,"d":"300.00"}]
["2024-11-28","Fundas plastica 17 x22",200,"Paquetes",{"v":9.8,"d":"9.80"},{"v":1960.0000000000002,"d":"1,960.00"}]
["2024-11-28","Fundas plastica 30 gl.",14,"Paquetes",{"v":3.5,"d":"3.50"},{"v":49,"d":"49.00"}]
["2024-11-28","Fundas plastica 55 gl.",110,"Paquetes",{"$f":"24185.14/4000","v":{"v":6.046285,"d":"6.05"}},{"v":665.09135,"d":"665.09"}]
["2024-11-28","Fundas plastica n. 2 paq.",240,"Paquetes",{"$f":"4500/4500","v":{"v":1,"d":"1.00"}},{"v":240,"d":"240.00"}]
["2024-11-28","Fundas plastica n. 4 paq.",400,"Paquetes",{"$f":"18256.84/10000","v":{"v":1.825684,"d":"1.83"}},{"v":730.2736,"d":"730.27"}]
["2024-11-28","Fundas plastica n. 6 paq.",300,"Paquetes",{"v":1,"d":"1.00"},{"v":300,"d":"300.00"}]
["2024-11-28","Fundas Rojas 30 gl.",15,"Paquetes",{"$f":"52750.53/8000","v":{"v":6.59381625,"d":"6.59"}},{"v":98.90724374999999,"d":"98.91"}]
["2024-11-28","Fundas Rojas 55 gl.",75,"Paquetes",{"$f":"96476.8/8000","v":{"v":12.0596,"d":"12.06"}},{"$f":"+C27+E27","v":{"v":87.0596,"d":"87.06"}}]
["2024-11-28","Fundas tipo helado",80,"Paquetes",{"v":201.7,"d":"201.70"},{"v":16136,"d":"16,136.00"}]
["2025-02-04","Gancho en caja",27,"UND",{"v":55,"d":"55.00"},{"v":1485,"d":"1,485.00"}]
["2025-02-04","Gomitas caja",2,"UND",{"v":46.1,"d":"46.10"},{"v":92.2,"d":"92.20"}]
["2025-02-04","grapadora",0,"UND",{"$f":"+(((360*5)+274.58))/5","v":{"v":414.916,"d":"414.92"}},{"v":0,"d":"0.00"}]
["2025-02-04","Grapas cajas",2,"UND",{"v":40,"d":"40.00"},{"v":80,"d":"80.00"}]
["2025-02-05","Guantes pares 2/1",14,"UND",{"v":60,"d":"60.00"},{"v":840,"d":"840.00"}]
["2025-02-05","insecticida oro unds",0,"UND",{"v":290,"d":"290.00"},{"v":0,"d":"0.00"}]
["2025-02-05","Jabon bola azul",70,"UND",{"v":143,"d":"143.00"},{"v":10010,"d":"10,010.00"}]
["2025-02-05","Jabon de cuaba en pasta 5/1",100,"UND",{"v":150,"d":"150.00"},{"v":15000,"d":"15,000.00"}]
["2005-02-05","Jabon liquido de cuaba",16,"UND",{"v":250,"d":"250.00"},{"v":4000,"d":"4,000.00"}]
["2025-02-05","Jabon liquido para mano",12,"UND",{"v":340,"d":"340.00"},{"v":4080,"d":"4,080.00"}]
["2024-08-08","Tinta Canon G-10 KIT 4/1",1,"UND",{"$f":"2652.43+477.43","v":{"v":3129.8599999999997,"d":"3,129.86"}},{"v":3129.8599999999997,"d":"3,129.86"}]
["2025-02-05","Lanilla toalla de limpieza",3,"UND",{"v":75,"d":"75.00"},{"v":225,"d":"225.00"}]
["2025-02-04","Lapiceros azules",12,"UND",{"v":147.5,"d":"147.50"},{"v":1770,"d":"1,770.00"}]
["2025-02-04","Lapiceros negros",156,"UND",{"v":147.5,"d":"147.50"},{"v":23010,"d":"23,010.00"}]
["2025-02-04","Lapiceros rojos",54,"UND",{"v":147.5,"d":"147.50"},{"v":7965,"d":"7,965.00"}]
["2025-02-04","Lapiceros verdes",30,"UND",{"v":147.5,"d":"147.50"},{"v":4425,"d":"4,425.00"}]
["2025-02-04","Lapiz carbon",96,"UND",{"v":7,"d":"7.00"},{"v":672,"d":"672.00"}]
["2025-02-04","Libros record",4,"UND",{"v":370,"d":"370.00"},{"v":1480,"d":"1,480.00"}]
["2025-02-04","Limpia cristal",2,"UND",{"v":275,"d":"275.00"},{"v":550,"d":"550.00"}]
["2025-02-04","Marcador fino per shapie",0,"UND",{"v":60,"d":"60.00"},{"v":0,"d":"0.00"}]
["2025-02-04","Marcador permanente",0,"UND",{"v":46.1,"d":"46.10"},{"v":0,"d":"0.00"}]
["2025-02-04","Marquintel (masking tape)",107,"UND",{"$f":"+(3500+533.9)/100","v":{"v":40.339,"d":"40.34"}},{"v":4316.273,"d":"4,316.27"}]
["2024-12-10","Papel continuo",10,"UND",{"v":1037.29,"d":"1,037.29"},{"v":10372.9,"d":"10,372.90"}]
["2025-02-05","Papel de baño 24/1",120,"UND",{"v":9.895833333333334,"d":"9.90"},{"v":1187.5,"d":"1,187.50"}]
["2025-02-05","Papel manila",0,"UND",{"v":210,"d":"210.00"},{"v":0,"d":"0.00"}]
["2024-12-10","Papel térmico",74,"UND",{"v":55,"d":"55.00"},{"v":4070,"d":"4,070.00"}]
["2025-02-05","Papel toalla 6/1",0,"UND",{"v":136,"d":"136.00"},{"v":0,"d":"0.00"}]
["2025-01-16","Pilas AA",20,"UND",{"v":40,"d":"40.00"},{"v":800,"d":"800.00"}]
["2025-01-16","Pilas AAA",29,"UND",{"v":45,"d":"45.00"},{"v":1305,"d":"1,305.00"}]
["2025-01-16","Pilas de Glucometro",17,"UND",{"v":40,"d":"40.00"},{"v":680,"d":"680.00"}]
["2025-01-16","Pilas Duracel C 2/1",11,"UND",{"v":235,"d":"235.00"},{"v":2585,"d":"2,585.00"}]
["2025-01-16","Pilas Duracel D2",10,"UND",{"v":235,"d":"235.00"},{"v":2350,"d":"2,350.00"}]
["2025-01-16","Postin 5/1",37,"UND",{"v":120,"d":"120.00"},{"v":4440,"d":"4,440.00"}]
["2025-02-05","Recogedor de basura",0,"UND",{"v":130,"d":"130.00"},{"v":0,"d":"0.00"}]
["2025-01-16","Resaltadores",5,"UND",{"v":30,"d":"30.00"},{"v":150,"d":"150.00"}]
["2025-03-27","Resma de papel 8.5 x11 cajas",580,"UND",{"v":325,"d":"325.00"},{"v":188500,"d":"188,500.00"}]
["2024-08-08","Resma de papel 8.5 x14 cajas",68,"UND",{"$f":"(85000+19830.51)/200","v":{"v":524.15255,"d":"524.15"}},{"v":35642.373400000004,"d":"35,642.37"}]
["2025-01-16","Sacagrapas",7,"UND",{"v":30,"d":"30.00"},{"v":210,"d":"210.00"}]
["2025-02-16","Sacapuntas",0,"UND",{"v":8,"d":"8.00"},{"v":0,"d":"0.00"}]
["2025-01-16","Separador de hojas (Punteros) 8/1",4,"UND",{"v":145,"d":"145.00"},{"v":580,"d":"580.00"}]
["2025-01-20","Sobres de manila 10 x15",0,"UND",{"v":4206.78,"d":"4,206.78"},{"$f":"+C69*E69","v":{"v":0,"d":"0.00"}}]
["2025-02-05","Suaper",1,"UND",{"v":185,"d":"185.00"},{"v":185,"d":"185.00"}]
["2025-01-16","Tabla con gancho",7,"UND",{"v":154,"d":"154.00"},{"v":1078,"d":"1,078.00"}]
["2025-01-16","Tinta Amarilla 544",8,"UND",{"v":675,"d":"675.00"},{"v":5400,"d":"5,400.00"}]
["2025-01-16","Tinta Amarilla 673",2,"UND",{"v":585,"d":"585.00"},{"v":1170,"d":"1,170.00"}]
["2025-01-16","Tinta Azul 544",11,"UND",{"v":675,"d":"675.00"},{"v":7425,"d":"7,425.00"}]
["2025-01-16","Tinta Azul claro 673",3,"UND",{"v":585,"d":"585.00"},{"v":1755,"d":"1,755.00"}]
["2025-01-16","Tinta Magenta 544",6,"UND",{"v":675,"d":"675.00"},{"v":4050,"d":"4,050.00"}]
["2025-01-16","Tinta Magenta 673",1,"UND",{"v":585,"d":"585.00"},{"v":585,"d":"585.00"}]
["2025-01-16","Tinta Magenta Claro 673",3,"UND",{"v":585,"d":"585.00"},{"v":1755,"d":"1,755.00"}]
["2025-01-16","Tinta Negra 544",1,"UND",{"v":675,"d":"675.00"},{"v":675,"d":"675.00"}]
["2025-01-16","Tinta para Sello",6,"UND",{"v":40,"d":"40.00"},{"v":240,"d":"240.00"}]
["2025-01-16","Toner 17A",12,"UND",{"v":1440.68,"d":"1,440.68"},{"v":17288.16,"d":"17,288.16"}]
["2025-01-16","Toner 17X",7,"UND",{"v":1440.68,"d":"1,440.68"},{"v":10084.76,"d":"10,084.76"}]
["2025-01-16","Toner 230A",6,"UND",{"v":12000,"d":"12,000.00"},{"v":72000,"d":"72,000.00"}]
["2025-01-16","Toner 280A",14,"UND",{"v":700,"d":"700.00"},{"v":9800,"d":"9,800.00"}]
["2025-01-16","Toner 280X",7,"UND",{"v":700,"d":"700.00"},{"v":4900,"d":"4,900.00"}]
["2025-01-16","Toner 283A",4,"UND",{"v":700,"d":"700.00"},{"v":2800,"d":"2,800.00"}]
["2025-01-16","Toner 35A",9,"UND",{"v":1062,"d":"1,062.00"},{"v":9558,"d":"9,558.00"}]
["2025-01-16","Toner Amarillo 206A",2,"UND",{"v":5150,"d":"5,150.00"},{"v":10300,"d":"10,300.00"}]
["2025-01-16","Toner Azul 206A",2,"UND",{"v":5150,"d":"5,150.00"},{"v":10300,"d":"10,300.00"}]
["2025-01-16","Toner Brother TN-760",9,"UND",{"v":1000,"d":"1,000.00"},{"v":9000,"d":"9,000.00"}]
["2024-12-09","Toner HP 151A",1,"UND",{"v":7300,"d":"7,300.00"},{"v":7300,"d":"7,300.00"}]
["2024-12-09","Toner HP 58X",4,"UND",{"v":7300,"d":"7,300.00"},{"v":29200,"d":"29,200.00"}]
["2024-08-08","Toner Negro 206A",1,"UND",{"v":4390,"d":"4,390.00"},{"v":4390,"d":"4,390.00"}]
["2024-08-08","Toner Rosa 206A",2,"UND",{"v":5150,"d":"5,150.00"},{"v":10300,"d":"10,300.00"}]
["2024-08-08","Atomizador 32 OZ",2,"UND",{"v":140,"d":"140.00"},{"v":280,"d":"280.00"}]
["2025-01-16","Etiqueta Codigo de Barra",10,"UND",{"v":420,"d":"420.00"},{"v":4200,"d":"4,200.00"}]
["2024-08-08","FOLDER 8.5 x14 cajas",2,"CAJA",{"v":750,"d":"750.00"},{"$f":"+C97*E97","v":{"v":1500,"d":"1,500.00"}}]
["2024-12-06","Tinta Negra 504",0,"UND",{"v":520,"d":"520.00"},{"$f":"+C98*E98","v":{"v":0,"d":"0.00"}}]
["2024-12-06","Tinta Magenta 504",10,"UND",{"v":520,"d":"520.00"},{"v":5200,"d":"5,200.00"}]
["2024-12-06","Tinta Amarilla 504",6,"UND",{"v":520,"d":"520.00"},{"v":3120,"d":"3,120.00"}]
["2024-12-06","Tinta Azul 504",4,"UND",{"v":520,"d":"520.00"},{"v":2080,"d":"2,080.00"}]
["2024-12-06","Tinta Canon G-10 Negra",3,"UND",{"v":1039.02,"d":"1,039.02"},{"v":3117.06,"d":"3,117.06"}]
["2024-12-06","Tinta Canon G-10 Amarilla",4,"UND",{"v":1039.02,"d":"1,039.02"},{"v":4156.08,"d":"4,156.08"}]
["2024-12-06","Tinta Canon G-10 Magenta",4,"UND",{"v":1039.02,"d":"1,039.02"},{"v":4156.08,"d":"4,156.08"}]
["2024-12-06","Tinta Canon G-10 Azul",4,"UND",{"v":1039.02,"d":"1,039.02"},{"v":4156.08,"d":"4,156.08"}]
["2024-12-06","Tinta Canon G-16 Negra",1,"UND",{"v":1290,"d":"1,290.00"},{"v":1290,"d":"1,290.00"}]
["2024-12-09","Tinta Epson B11",3,"UND",{"v":3800,"d":"3,800.00"},{"v":11400,"d":"11,400.00"}]
["2024-12-09","Tinta Epson A4",3,"UND",{"v":3900,"d":"3,900.00"},{"v":11700,"d":"11,700.00"}]
["2024-12-09","Tinta Epson A3",3,"UND",{"v":3900,"d":"3,900.00"},{"v":11700,"d":"11,700.00"}]
["2024-12-09","Tinta Epson A2",1,"UND",{"v":3900,"d":"3,900.00"},{"$f":"+C110*E110","v":{"v":3900,"d":"3,900.00"}}]
["2025-02-04","Cinta HIGHLAND",21,"UND",{"v":166,"d":"166.00"},{"v":3486,"d":"3,486.00"}]
["2025-02-05","Ambientador",4,"UND",{"v":195,"d":"195.00"},{"v":780,"d":"780.00"}]
["2025-02-04","Folder Plasticos ",108,"UND",{"v":105,"d":"105.00"},{"v":11340,"d":"11,340.00"}]
["2025-02-05","Desinfectante ",28,"UND",{"v":375,"d":"375.00"},{"v":10500,"d":"10,500.00"}]
["2025-02-04","Tijeras",1,"UND",{"v":125,"d":"125.00"},{"v":125,"d":"125.00"}]
[]
[{"$nulls":3},"TOTAL GENERAL DEL TRIMESTRE:",null,{"$f":"SUM(F3:F116)","v":{"v":700698.7351937499,"d":"700,698.74"}}]
[]
["HOSPITAL REGIONAL ING. LUIS L BOGAERT"]
["PRIMER TRIMESTRE 2025"]
[null,null,"LIC. KEURY DURAN"]